Loading...

Introduction to modern colloid science /

Bibliographic Details
Main Author: Hunter, Robert J.
Format: Printed Book
Language:English
Published: Oxford : OUP , 1993.
Subjects:
LEADER 00586cam a2200181ua 4500
008 051209s1993 g b000 u eng u
020 |a 0-19-855386-2  |c P 14.95 
044 |a   
082 1 4 |a 541.345 N3 
100 1 |a Hunter, Robert J. 
245 0 0 |a Introduction to modern colloid science /   |h Textual Documents 
260 |a Oxford : OUP ,   |c 1993. 
300 |a  ;  
365 |a P 14.95 
650 0 |a Colloid chemistry 
942 |c BK 
999 |c 105386  |d 105386 
952 |0 0  |1 0  |4 0  |6 541_345000000000000_N3  |7 0  |9 100048  |a SCS  |b SCS  |d 2014-06-26  |h P 14.95  |l 0  |o 541.345 N3  |p SCS01952  |r 2014-06-26  |w 2014-06-26  |y BK